000 00678nam a2200217 a 4500
003 DO-SdBNP
005 20250530113034.0
007 ta
008 220517e2005 dr ||||gr|||| 000 0dspa d
020 _a9945130056
040 _aDO-SdBNP
_bspa
_cBNPHU
082 4 _222
_bS161p
245 1 0 _aPalabra de compromiso /
_cManuel A. Salazar
260 _a[Santo Domingo] :
_bMediabyte,
_c2005
300 _a352 p. ;
_c23 cm.
650 4 _950856
_aActividad política estudiantil
_zRepública Dominicana
650 4 _946453
_aViolencia política
_zRepública Dominicana
650 0 _aConflicto social
_91974
_zRepública Dominicana, Santo Domingo
910 _aMFeliz
942 _2ddc
_cLBS1
999 _c51744
_d51744